000 00809nam a2200217Ii 4500
003 JO-AjNU
008 230605s9999||||xx |||||||||||||| ||und||
017 _a1992/1/67
040 _aJO-AjNU
_bara
_erda
_cJO-AjNU
041 _aara
050 1 4 _aPN6519.A7.D3688 1992
100 3 _aإعداد دنون، محمود كامل,
_eauthor
_935908
245 0 0 _aمضارب الأمثال: نخبة من الأمثال الفريدة والمنتقاة تضرب في شتى العلاقات والمواقف والإهتمامات الإنسانية
250 _aط1
264 3 1 _aعمان: دار الإبداع للنشر، 1992
300 _a262ص
336 _atext
_btxt
_2rdacontent
337 _aunmediated
_bn
_2rdamedia
338 _avolume
_bnc
_2rdacarrier
650 4 _aأمثال عربية
_935909
999 _aA14869
_c18437
_d18437